000 00443nam a2200157Ia 4500
999 _c5007
_d5007
003 OSt
005 20200120123949.0
008 190216s9999||||xx |||||||||||||| ||und||
040 _coclc
082 _a346
_bSHU/P
100 _aShukla, M C
_91149
245 0 _aPrinciples Of Company Law /
_cM C Shukla , S S Gulshan
260 _bS Chand,
_c1982.
_aNew Delhi:
300 _a510p
942 _cBK
_2ddc
_h346
_iSHU/P
_k346
_mSHU/P